000 00403nam a2200157Ia 4500
008 230917s9999||||xx |||||||||||||| ||und||
040 _e86411
_aMAIN
041 _aEnglish
082 _a547.05 M474O
100 _aMehrotra, R C
245 0 _aOrganometallic chemistry: A unified approach
250 _a2nd ed.
260 _aNew Delhi
_bNew Age International
_c2000
300 _a618 p.
942 _cBK
999 _c113176
_d113176